| 000 | 00437nam a22001817a 4500 | ||
|---|---|---|---|
| 003 | OSt | ||
| 005 | 20211222113041.0 | ||
| 008 | 211222b |||||||| |||| 00| 0 eng d | ||
| 020 | _a0070241503 | ||
| 040 | _cH.U | ||
| 082 | _a004.16. | ||
| 100 |
_aGrauer, R _924274 |
||
| 245 | _aMicrocomputer Applications | ||
| 250 | _a3rd | ||
| 260 |
_aNew York _bMitchell McGraw Hill. _c1991. |
||
| 500 | _aIncludes Index | ||
| 942 |
_2ddc _cBOOKS _n0 |
||
| 999 |
_c23436 _d23436 |
||